Loading...

Parinama parinamam. /

Bibliographic Details
Main Author: J. K. V.
Language:Undetermined
Published: Kottayam : D C Books , 1999.
LEADER 00608nam a2200157Ia 4500
001 128859
008 170722s9999 xx 000 0 und d
020 |a 8171309593 
100 |a J. K. V. 
245 |a Parinama parinamam. / 
260 |a Kottayam :  |b D C Books ,  |c 1999. 
300 |a 71 p. 
942 |c GEN 
999 |c 119396  |d 119396 
952 |0 0  |1 0  |4 0  |6 O_323N3010P_N9KRN91  |7 0  |8 KR  |9 168912  |a LIB  |b LIB  |d 2017-08-12  |o O32,3N3010,P N9(KR)-N9;1  |p 234561  |r 2017-08-12  |v 32.00  |w 2017-08-12  |y GEN 
952 |0 0  |1 0  |4 0  |6 O_323N3010P_N9KRN91  |7 0  |9 168913  |a LIB  |b LIB  |d 2017-08-12  |o O32,3N3010,P N9(KR)-N9;1  |p 234562  |r 2017-08-12  |v 32.00  |w 2017-08-12  |y GEN